[Intermediaire] Oiseaux européens par image n°2 - Statistiques

Statistiques générales
  • Ce quiz a été pris 125 fois
  • Le résultat moyen est 13 sur 16
Statistiques - réponses
Par images Réponse % Correct
Oie
98%
Hibou
96%
Canard
95%
Cygne
95%
Hirondelle
94%
Pie
94%
Cigogne
93%
Martin-pêcheur
90%
Tourterelle
88%
Faucon
87%
Mouette
84%
Perdrix
79%
Grue
76%
Bécassine
58%
Bruant
46%
Courlis
46%
Aucun quiz correspondant
Distribution des résultats
% des personnes avec chaque résultat
Percentile par nombre de réponses
Votre historique - résultats
Vous n’avez pas pris ce quiz